00415pab a2200157 454500008004000000100001800040245006200058260000900120300001300129362001200142650003000154650001400184700001700198700001800215773002400233180718b2011 xxu||||| |||| 00| 0 eng d aRenwick, Alan aThe expenses scandal and the politics of electoral reform c2011 ap.32-41. aJan-Mar aElections - Great Britain aElections aNuman, Berna aLamb, Michael aPolitical Quarterly